Fictional Pig By Postcard Quiz Stats

 Plays Quiz not verified by Sporcle

Support Sporcle.
Go Orange.
Score 0/7 Timer 06:00
0 Plays Today
% Correct
Piglet (Winnie The Pooh)
88.6%
Pumbaa (The Lion King)
86.5%
Miss Piggy (The Muppets)
81.1%
Hamm (Toy Story)
78.1%
Wilbur (Charlotte's Web)
73.1%
Pua (Moana)
52.9%
Spider-Ham (Spider-Man: Into the Spider-Verse)
33%

You're not logged in!

Compare scores with friends on all Sporcle quizzes.
OR
Log In

From the Vault

Santa Baby Christmas List

by scarequotes

Looks like someone is on Santa's nice list.
Remove Ads.
Support Sporcle.
Get the best of Sporcle when you Go Orange. This ad-free experience offers more features, more stats, and more fun while also helping to support Sporcle. Thank you for becoming a member.

Show Comments

Extras

Top Quizzes Today


Score Distribution

Your Account Isn't Verified!

In order to create a playlist on Sporcle, you need to verify the email address you used during registration. Go to your Sporcle Settings to finish the process.

Report this User

Report this user for behavior that violates our Community Guidelines.

Details: